00706nam a2200157 a 450000100100000000500170001000800410002704000250006808200160009310000470010924500550015626000770021130000200028895202230030899900170053100003217220200930063506.0110713s1949 dr r 000 p spa d aDO-SdBNPbspacBNPHU axxxxbM843p1 aMoreno Jimenes, Domingo,d1894-198691953413aEl poema de la hija reintegrada /cMoreno Jimenes. aCiudad Trujillo, República Dominicana :bLibrería Dominicana,c1949. a72 p. ;c15 cm. 001050718RVaPDbPDcHDd2011-07-13iLF1l0oxxxx M843pp32172-10r2020-06-25w2020-06-25y1zPerteneció a la biblioteca personal de Martínez Boog. Incluye manuscrito del verso "Flor de evidencia".ZNo se presta c31663d31663